000 01182nam0a22003251 4500
001 RU\INFOCOMM_322\NLR\5000103731
005 20260413152010.0
035 _a(NLR Aleph) 009515961
090 _a8796414
_c8796414
100 _a20121212d1975 u y0rusy50 ca
101 1 _aeng
102 _aRU
105 _ay z |||||
200 1 _aˆThe ‰thrust from the Vistula to the Oder
_fV. Kozinets
_g[Transl. by Anatole Kryzhanski]
210 _aM.
_c"Novosti" press agency publ. house
_d1975
215 _a32 с.; 4 л. ил.
_cил.
_d20 см
300 _aНа обл. авт. не указан
300 _aВ вып. дан.: В. Козинец. От Вислы до Одера
606 1 _aВеликая Отечественная война
_z1941 - 1945
_xОсвободительная роль Советского Союза
_2nlr_sh1
_2nlr_sh2
_3RU\NLR\AUTH\66176999
620 _aМосква
686 1 _aТ3(2)722
686 1 _a‰Ц35(2)722-15
700 1 _6z01790
_aKozinec
_bV.
790 1 _6z01700
_aKozinets
_bV.
_4070
801 0 _aRU
_bINFOCOMM
_gPSBO
801 1 _aRU
_bNLR
_c20121212
852 _aNLR
_jВ11 Д-4/25
942 _cBOOK
980 _aNB